[Event "Saarland-ch B 85th"]
[Site "Homburg"]
[Date "2010.04.02"]
[Round "8"]
[White "Bastian, Simon"]
[Black "Conrad, Egon"]
[Result "1/2-1/2"]
[WhiteElo "1469"]
[BlackElo "1534"]
[PlyCount "129"]
[EventDate "2010.03.28"]
[EventType "swiss"]
[EventRounds "9"]
[EventCountry "GER"]
[SourceTitle "EXT 2011"]
[Source "ChessBase"]
[SourceDate "2010.11.26"]
[SourceVersion "1"]
[SourceVersionDate "2010.11.26"]
[SourceQuality "1"]

1. e4 d5 2. exd5 Qxd5 3. Nc3 Qd6 4. d4 Nf6 5. Nf3 a6 6. Bc4 b5 7. Bb3 e6 8. 0-0 Bb7 9. Re1 Be7 10. Ng5 0-0 11. Nxe6 Re8 12. Bf4 Qc6 13. d5 Qb6 14. Bxc7 Qa7 15. d6 fxe6 16. Rxe6 Kh8 17. dxe7 Bxg2 18. Kxg2 Qxc7 19. Qf3 Ra7 20. Rxf6 Qxe7 21. Re1 gxf6 22. Rxe7 Raxe7 23. Qxf6+ Rg7+ 24. Kh3 Nd7 25. Qd4 Rf8 26. Ne4 Rf4 27. Be6 Nf8 28. Bd5 Ng6 29. b3 Rf3+ 30. Ng3 Nf4+ 31. Kh4 Ng2+ 32. Kh5 Rf4 33. Qxg7+ Kxg7 34. Bxg2 Rxf2 35. Bb7 a5 36. Be4 Rxh2+ 37. Kg4 h6 38. Kf3 Rd2 39. Nh5+ Kf7 40. Kf4 b4 41. Ke5 Rd1 42. Nf4 Ra1 43. Bg6+ Kg7 44. Kf5 Rf1 45. Bh5 Rf2 46. Be2 h5 47. Kg5 h4 48. Bd3 Rh2 49. Kg4 Kf6 50. Nh3 Ke5 51. Ng5 Rf2 52. Nf3+ Kd5 53. Nxh4 Kd4 54. Nf3+ Kc3 55. Ne1 Kb2 56. Kg3 Rf8 57. Nf3 Kxa2 58. Kf2 Ka3 59. Ke3 a4 60. bxa4 Kxa4 61. Nd4 Rc8 62. Bb5+ Ka5 63. Kd3 Rc3+ 64. Kd2 Kb6 65. Ba4 1/2-1/2

[Event "Saarland-ch B 85th"]
[Site "Homburg"]
[Date "2010.03.30"]
[Round "5"]
[White "Conrad, Egon"]
[Black "Huebschen, Mike"]
[Result "1-0"]
[WhiteElo "1534"]
[BlackElo "1553"]
[PlyCount "153"]
[EventDate "2010.03.28"]
[EventType "swiss"]
[EventRounds "9"]
[EventCountry "GER"]
[SourceTitle "EXT 2011"]
[Source "ChessBase"]
[SourceDate "2010.11.26"]
[SourceVersion "1"]
[SourceVersionDate "2010.11.26"]
[SourceQuality "1"]

1. d4 Nf6 2. c4 g6 3. Nc3 Bg7 4. Bg5 0-0 5. e3 d6 6. Be2 Nbd7 7. Nf3 c5 8. d5 Re8 9. 0-0 Nf8 10. Nd2 h6 11. Bh4 g5 12. Bg3 Bf5 13. e4 Bg6 14. f4 gxf4 15. Bxf4 e5 16. Be3 N8h7 17. Rf3 Ng4 18. Nf1 Nxe3 19. Rxe3 f5 20. exf5 Bxf5 21. Bd3 e4 22. Bxe4 Bd4 23. Bxf5 Bxe3+ 24. Nxe3 Rxe3 25. Be6+ Kh8 26. Qh5 Qg5 27. Qf7 Rg8 28. Qxg8+ Qxg8 29. Bxg8 Kxg8 30. Kf2 Re7 31. Re1 Rf7+ 32. Ke2 Ng5 33. Kd2 a6 34. Re8+ Kg7 35. Ke1 Kg6 36. h4 Nh7 37. Re6+ Rf6 38. Ne4 Rxe6 39. dxe6 b6 40. Nxd6 Kf6 41. e7 Kxe7 42. Nc8+ Ke6 43. Nxb6 Nf6 44. Ke2 Ke5 45. Ke3 h5 46. Na4 Ng4+ 47. Kd3 Kd6 48. Ke4 Kc6 49. Kf4 Kd6 50. g3 Nf6 51. Kg5 Ne4+ 52. Kxh5 Nxg3+ 53. Kg6 Ke5 54. Nxc5 Kd4 55. Nxa6 Kxc4 56. h5 Nxh5 57. Kxh5 Kb5 58. Nc7+ Kb4 59. Kg4 Kc4 60. Kf4 Kb4 61. Ke4 Kc4 62. Ne6 Kb4 63. Kd4 Kb5 64. Kc3 Kb6 65. Kb4 Ka6 66. a4 Kb6 67. a5+ Kb7 68. Kb5 Kc8 69. Kb6 Kb8 70. a6 Kc8 71. a7 Kd7 72. Nc5+ Kd6 73. a8Q Ke7 74. Qc6 Kf8 75. Qd7 Kg8 76. Ne6 Kh8 77. Qg7# 1-0

[Event "Saarland-ch B 85th"]
[Site "Homburg"]
[Date "2010.03.28"]
[Round "3"]
[White "Conrad, Egon"]
[Black "Trienens, Thomas"]
[Result "1-0"]
[WhiteElo "1534"]
[BlackElo "1460"]
[PlyCount "103"]
[EventDate "2010.03.28"]
[EventType "swiss"]
[EventRounds "9"]
[EventCountry "GER"]
[SourceTitle "EXT 2011"]
[Source "ChessBase"]
[SourceDate "2010.11.26"]
[SourceVersion "1"]
[SourceVersionDate "2010.11.26"]
[SourceQuality "1"]

1. d4 d5 2. c4 e6 3. Nc3 Nf6 4. Bg5 Nbd7 5. cxd5 exd5 6. e3 Be7 7. Bd3 h6 8. Bh4 Nb6 9. Qc2 Be6 10. Nge2 0-0 11. 0-0 Rc8 12. Nf4 Ng4 13. Bxe7 Qxe7 14. Qe2 Qd6 15. Nb5 Qe7 16. Nxa7 Ra8 17. Nb5 c6 18. Nxe6 fxe6 19. Qxg4 cxb5 20. Bxb5 Rf5 21. Bd3 Rg5 22. Qe2 Qd6 23. f4 Rf5 24. Bxf5 exf5 25. b3 Re8 26. Rac1 Nd7 27. Qf3 Nf6 28. h3 Ne4 29. Rc2 Qg6 30. Rfc1 Kh7 31. Rc7 Ra8 32. R1c2 b5 33. R7c6 Qe8 34. Kh2 Qd7 35. Rc7 Qd6 36. Qh5 Ra6 37. Qxf5+ Qg6 38. Qxg6+ Kxg6 39. R7c6+ Rxc6 40. Rxc6+ Kf7 41. g4 b4 42. Rb6 Nc3 43. Rxb4 Nxa2 44. Rb7+ Kg8 45. Rc7 Nb4 46. Kg2 Nd3 47. Kf1 Nb4 48. Rc5 Kf7 49. Rb5 Nc2 50. Ke2 g5 51. fxg5 hxg5 52. Kd2 1-0

[Event "Saarland-ch A"]
[Site "Saarlouis Steinrausch"]
[Date "2005.03.23"]
[Round "6"]
[White "Conrad, Egon"]
[Black "Sadjadi, Said"]
[Result "0-1"]
[WhiteElo "1683"]
[BlackElo "1789"]
[PlyCount "35"]
[EventDate "2005.03.18"]
[EventType "swiss"]
[EventRounds "9"]
[EventCountry "GER"]
[SourceTitle "EXT 2012"]
[Source "ChessBase"]
[SourceDate "2011.11.24"]
[SourceVersion "1"]
[SourceVersionDate "2011.11.24"]
[SourceQuality "1"]

1. d4 c6 2. c4 d5 3. cxd5 cxd5 4. Nf3 Nf6 5. Nc3 Nc6 6. Qb3 Na5 7. Qc2 Bd7 8. Ne5 e6 9. Bg5 Bb4 10. e3 Rc8 11. Bd3 h6 12. Bxf6 gxf6 13. Nxd7 Qxd7 14. 0-0 h5 15. Bb5 Qxb5 16. Nxb5 Rxc2 17. Rac1 Rxc1 18. Rxc1 0-1

[Event "Saarland-ch A"]
[Site "Saarlouis Steinrausch"]
[Date "2005.03.21"]
[Round "4"]
[White "Conrad, Egon"]
[Black "Kupsch, Wolfgang"]
[Result "0-1"]
[WhiteElo "1683"]
[BlackElo "1730"]
[PlyCount "136"]
[EventDate "2005.03.18"]
[EventType "swiss"]
[EventRounds "9"]
[EventCountry "GER"]
[SourceTitle "EXT 2012"]
[Source "ChessBase"]
[SourceDate "2011.11.24"]
[SourceVersion "1"]
[SourceVersionDate "2011.11.24"]
[SourceQuality "1"]

1. d4 d5 2. c4 e6 3. Nc3 Nf6 4. cxd5 exd5 5. Bg5 Be7 6. e3 0-0 7. Bd3 b6 8. Qc2 h6 9. Bh4 Bb7 10. Nf3 Na6 11. a3 c5 12. b3 Re8 13. Bb5 Rf8 14. 0-0 Rc8 15. Qb2 Nb8 16. Rfd1 a6 17. Bd3 c4 18. Bf5 Nbd7 19. Ne5 g5 20. Bg3 b5 21. f4 Ra8 22. fxg5 hxg5 23. Nxd7 Nxd7 24. Rf1 Nb6 25. Qb1 Bd6 26. Bh7+ Kg7 27. Bxd6 Qxd6 28. Rf3 Bc8 29. Rg3 Qe7 30. Bf5 Qf6 31. Bxc8 Raxc8 32. h4 Rh8 33. Rxg5+ Kf8 34. g3 Qf3 35. Qe1 Re8 36. Re5 Rxe5 37. dxe5 cxb3 38. Rb1 Nc4 39. Rxb3 Nxe3 40. Qf2 Qxf2+ 41. Kxf2 d4 42. Ne2 Ng4+ 43. Kg1 Nxe5 44. Nxd4 Ke7 45. Kg2 Rc8 46. Kh3 Rc4 47. Nf5+ Ke6 48. Ne3 Ra4 49. h5 f5 50. h6 Nf7 51. g4 Nxh6 52. gxf5+ Nxf5 53. Nxf5 Kxf5 54. Kg3 Ke4 55. Kf2 Rc4 56. Ke2 Rc2+ 57. Kd1 Rf2 58. Rh3 Rf3 59. Rxf3 Kxf3 60. Kd2 Ke4 61. Kc3 a5 62. Kd2 Kd4 63. Kc2 Kc4 64. Kb2 Kd3 65. Kb3 Kd2 66. Kb2 a4 67. Kb1 Kc3 68. Ka2 Kc2 0-1

[Event "Saarlouis op 5th"]
[Site "Saarlouis"]
[Date "2002.05.29"]
[Round "6"]
[White "Schmitt, Adolf"]
[Black "Conrad, Egon"]
[Result "1/2-1/2"]
[WhiteElo "1798"]
[BlackElo "1649"]
[PlyCount "144"]
[EventDate "2002.05.??"]
[EventType "swiss"]
[EventRounds "9"]
[EventCountry "GER"]
[SourceTitle "EXT 2006"]
[Source "ChessBase"]
[SourceDate "2005.11.24"]
[SourceVersion "1"]
[SourceVersionDate "2005.11.24"]
[SourceQuality "1"]

1. g3 d5 2. Bg2 Nf6 3. Nf3 Bf5 4. d3 e6 5. c3 c6 6. 0-0 h6 7. Qb3 Qb6 8. Be3 Qxb3 9. axb3 c5 10. b4 Nbd7 11. bxc5 Bxc5 12. Bd4 Bg4 13. Nbd2 Bxd4 14. cxd4 a6 15. Rfc1 0-0 16. Rc7 Rab8 17. Kf1 Bxf3 18. Nxf3 Rfc8 19. Rac1 Nb6 20. e3 Ne8 21. R7c5 Nd6 22. b3 Nd7 23. Rc7 Nb6 24. Ne5 Na8 25. R7c5 Nb6 26. Bh3 Kf8 27. Ke1 Ke8 28. Kd2 Rd8 29. Bg4 Nd7 30. Rc7 Rbc8 31. Bh5 Rxc7 32. Rxc7 g6 33. Bd1 Nb6 34. Ng4 h5 35. Ne5 Rc8 36. Rc5 Nd7 37. Nxd7 Kxd7 38. h4 b6 39. Rxc8 Nxc8 40. b4 b5 41. e4 Ne7 42. Ke3 Nc6 43. f3 Nxb4 44. g4 Nc6 45. gxh5 gxh5 46. f4 Ne7 47. Bxh5 Ng6 48. f5 exf5 49. exf5 Nxh4 50. Kd2 Ke7 51. Kc3 a5 52. f6+ Kxf6 53. Bg4 Nf5 54. Bf3 Ke6 55. Bg4 Kf6 56. Bf3 Ne3 57. Kd2 Nf1+ 58. Ke1 Ke6 59. Kxf1 a4 60. Bd1 Kd6 61. Ke1 Kc6 62. Kd2 Kb6 63. Bf3 Kc6 64. Bh5 a3 65. Kc3 b4+ 66. Kb3 f5 67. Bf3 f4 68. Bh5 Kd6 69. Bg4 Ke7 70. Ka2 Kf6 71. Kb3 Ke7 72. Ka2 Kd6 1/2-1/2

[Event "Saarlouis op 5th"]
[Site "Saarlouis"]
[Date "2002.05.26"]
[Round "3"]
[White "Conrad, Egon"]
[Black "Bekin, Bela"]
[Result "0-1"]
[WhiteElo "1649"]
[BlackElo "2016"]
[PlyCount "81"]
[EventDate "2002.05.??"]
[EventType "swiss"]
[EventRounds "9"]
[EventCountry "GER"]
[SourceTitle "EXT 2006"]
[Source "ChessBase"]
[SourceDate "2005.11.24"]
[SourceVersion "1"]
[SourceVersionDate "2005.11.24"]
[SourceQuality "1"]

1. d4 Nf6 2. c4 g6 3. Nc3 Bg7 4. e4 d6 5. Nf3 0-0 6. Be2 Nbd7 7. 0-0 c5 8. d5 a6 9. Rb1 Rb8 10. Bd2 Ne8 11. Qc1 Nc7 12. Bh6 b5 13. Bxg7 Kxg7 14. cxb5 axb5 15. b3 b4 16. Na4 f6 17. Bc4 Nb6 18. Nxb6 Rxb6 19. Nd2 Ba6 20. Ra1 Qd7 21. a4 bxa3 22. Rxa3 Rfb8 23. Bxa6 Rxa6 24. Rxa6 Nxa6 25. Qc4 Nc7 26. Ra1 Rb4 27. Qc2 Nb5 28. Ra4 Nd4 29. Qd1 Qb5 30. Rxb4 Qxb4 31. f3 Qc3 32. Kf2 Qd3 33. Ke1 h5 34. h4 Kf7 35. Kf2 g5 36. hxg5 fxg5 37. Qc1 g4 38. Qb2 Qe2+ 39. Kg3 gxf3 40. gxf3 h4+ 41. Kg4 0-1

[Event "Saarlouis op 5th"]
[Site "Saarlouis"]
[Date "2002.05.26"]
[Round "2"]
[White "Jetschke, Reiner"]
[Black "Conrad, Egon"]
[Result "0-1"]
[WhiteElo "1792"]
[BlackElo "1649"]
[PlyCount "62"]
[EventDate "2002.05.??"]
[EventType "swiss"]
[EventRounds "9"]
[EventCountry "GER"]
[SourceTitle "EXT 2006"]
[Source "ChessBase"]
[SourceDate "2005.11.24"]
[SourceVersion "1"]
[SourceVersionDate "2005.11.24"]
[SourceQuality "1"]

1. e4 d5 2. exd5 Qxd5 3. Nc3 Qa5 4. d4 c6 5. Nf3 Nf6 6. Be2 Bf5 7. 0-0 e6 8. Bg5 Nbd7 9. a3 h6 10. Bh4 Bd6 11. h3 Qc7 12. Bxf6 Nxf6 13. Bd3 Bxd3 14. Qxd3 0-0 15. Rfe1 Rad8 16. Ne4 Nxe4 17. Qxe4 Rd7 18. c3 Rfd8 19. b4 b6 20. Rab1 c5 21. dxc5 bxc5 22. c4 Be7 23. b5 Bf6 24. Rb3 Rd1 25. Kf1 Rxe1+ 26. Nxe1 Qd6 27. Qe2 Qf4 28. Qc2 Rd7 29. Ke2 Bd8 30. Rd3 Qe4+ 31. Kd2 Ba5+ 0-1

[Event "GER Cup Amateur GrC 2nd"]
[Site "Voelklingen"]
[Date "2001.??.??"]
[Round "1"]
[White "Conrad, Egon"]
[Black "Pillath, Marcus"]
[Result "1-0"]
[WhiteElo "1649"]
[BlackElo "1413"]
[PlyCount "71"]
[EventDate "2001.??.??"]
[EventType "swiss"]
[EventRounds "9"]
[EventCountry "GER"]
[SourceTitle "EXT 2003"]
[Source "ChessBase"]
[SourceDate "2002.11.25"]
[SourceVersion "1"]
[SourceVersionDate "2002.11.25"]
[SourceQuality "1"]

1. d4 c6 2. c4 d5 3. Nf3 Nf6 4. cxd5 cxd5 5. Bf4 Qb6 6. Qc2 Nc6 7. e3 g6 8. Nc3 Bf5 9. Qe2 a6 10. a3 Bg7 11. Ne5 0-0 12. h3 Qa5 13. g4 Bc8 14. Bg2 Nxe5 15. Bxe5 e6 16. 0-0 Nd7 17. Bxg7 Kxg7 18. b4 Qd8 19. Rac1 Nb6 20. Qa2 Nc4 21. e4 b6 22. exd5 exd5 23. Bxd5 b5 24. Bxa8 Be6 25. d5 Qxa8 26. dxe6 fxe6 27. Qe2 Qd8 28. Rcd1 Qh4 29. Rd7+ Rf7 30. Qxe6 Rxd7 31. Qxd7+ Kh6 32. Qd3 Ne5 33. Qe3+ g5 34. Qxe5 Qxh3 35. Qh2 Qxh2+ 36. Kxh2 1-0

[Event "GER Cup Amateur GrC 2nd"]
[Site "Voelklingen"]
[Date "2001.??.??"]
[Round "6"]
[White "Conrad, Egon"]
[Black "Schorn, Siegfried"]
[Result "0-1"]
[WhiteElo "1649"]
[BlackElo "1425"]
[PlyCount "86"]
[EventDate "2001.??.??"]
[EventType "swiss"]
[EventRounds "9"]
[EventCountry "GER"]
[SourceTitle "EXT 2003"]
[Source "ChessBase"]
[SourceDate "2002.11.25"]
[SourceVersion "1"]
[SourceVersionDate "2002.11.25"]
[SourceQuality "1"]

1. d4 d5 2. Nf3 c6 3. e3 Nf6 4. Bd3 Nbd7 5. Nbd2 e6 6. 0-0 Bd6 7. Re1 0-0 8. c3 Qc7 9. e4 dxe4 10. Nxe4 Nxe4 11. Bxe4 Nf6 12. Bc2 h6 13. Ne5 Rd8 14. Qf3 c5 15. Ng4 Nxg4 16. Qxg4 e5 17. Qe4 f5 18. Qd5+ Kh8 19. dxe5 Bf8 20. Qf3 g6 21. Qg3 Qg7 22. h4 Be6 23. Bf4 Be7 24. Bb3 Bxb3 25. axb3 g5 26. hxg5 hxg5 27. Bc1 Qh7 28. Bxg5 Rg8 29. f4 Qh5 30. Qd3 Bxg5 31. fxg5 Qxg5 32. Qh3+ Kg7 33. Rad1 Rad8 34. Qf3 Rxd1 35. Rxd1 Kh8 36. Qh3+ Kg7 37. Qd3 Kh8 38. Qf3 Re8 39. Qh3+ Kg7 40. Re1 Re6 41. Re3 Kf8 42. Rg3 Qc1+ 43. Kh2 Rh6 0-1

[Event "GER Cup Amateur GrC 1st"]
[Site "Voelklingen"]
[Date "2000.10.12"]
[Round "7"]
[White "Conrad, Egon"]
[Black "Kemmer, Josef"]
[Result "0-1"]
[WhiteElo "1643"]
[BlackElo "1534"]
[PlyCount "91"]
[EventDate "2000.10.??"]
[EventType "swiss"]
[EventRounds "9"]
[EventCountry "GER"]
[SourceTitle "EXT 2004"]
[Source "ChessBase"]
[SourceDate "2003.11.25"]
[SourceVersion "1"]
[SourceVersionDate "2003.11.25"]
[SourceQuality "1"]

1. d4 d5 2. c4 e6 3. Nc3 Nf6 4. cxd5 exd5 5. Bg5 Be7 6. e3 0-0 7. Bd3 c6 8. Qc2 Nbd7 9. Nge2 Re8 10. 0-0-0 h6 11. Bh4 Ne4 12. Bxe7 Qxe7 13. Bxe4 dxe4 14. g4 Nf6 15. h3 Nd5 16. Rdg1 Nb4 17. Qd2 Nd3+ 18. Kb1 Nxf2 19. Rh2 Nd3 20. Ng3 Be6 21. Ngxe4 Bc4 22. a3 Rad8 23. g5 Kh8 24. gxh6 gxh6 25. Rg3 Ne5 26. Ka1 b5 27. b4 a5 28. Nc5 axb4 29. axb4 Ra8+ 30. Kb2 Ng6 31. e4 Kh7 32. Rf2 Ra7 33. e5 Rea8 34. Qe3 Ra3 35. h4 Rxc3 36. Kxc3 Ra3+ 37. Kd2 Rxe3 38. Kxe3 Nxh4 39. Rf6 Bd5 40. Rh3 Ng6 41. Kf2 Kg7 42. Ra3 Nf8 43. Rg3+ Ng6 44. Ra3 Nxe5 45. dxe5 Qxe5 46. Nd7 0-1

[Event "GER Cup Amateur GrC 1st"]
[Site "Voelklingen"]
[Date "2000.10.07"]
[Round "2"]
[White "Conrad, Egon"]
[Black "Schreiber, Winfried"]
[Result "1-0"]
[WhiteElo "1643"]
[BlackElo "1452"]
[PlyCount "95"]
[EventDate "2000.10.??"]
[EventType "swiss"]
[EventRounds "9"]
[EventCountry "GER"]
[SourceTitle "EXT 2004"]
[Source "ChessBase"]
[SourceDate "2003.11.25"]
[SourceVersion "1"]
[SourceVersionDate "2003.11.25"]
[SourceQuality "1"]

1. d4 c5 2. d5 d6 3. c4 e6 4. Nc3 Nf6 5. Bg5 Be7 6. Nf3 exd5 7. cxd5 a6 8. Nd2 Nxd5 9. Bxe7 Nxe7 10. Nc4 d5 11. Ne5 0-0 12. e3 Be6 13. Bd3 f5 14. 0-0 Nbc6 15. Nf3 h6 16. Ne2 Ng6 17. Rc1 c4 18. Bb1 Qc7 19. b3 Rad8 20. Nfd4 Nxd4 21. Nxd4 Bc8 22. Qe2 b5 23. a4 Ne7 24. axb5 axb5 25. Nxb5 Qc5 26. bxc4 dxc4 27. Ba2 Be6 28. Nd4 Rxd4 29. exd4 Qd6 30. Bxc4 Bxc4 31. Qxc4+ Kh7 32. Rfe1 Rc8 33. Qd3 Rxc1 34. Rxc1 Qf4 35. Qe3 Qd6 36. Qe5 Qb4 37. Qc5 Qb7 38. h3 Qe4 39. Qe5 Qxe5 40. dxe5 Kg6 41. f4 Kf7 42. Rc7 Ke6 43. g3 g5 44. Ra7 gxf4 45. Rxe7+ Kxe7 46. gxf4 Ke6 47. Kf2 h5 48. Kg3 1-0

[Event "Saarlouis op 3rd"]
[Site "Saarlouis"]
[Date "2000.05.31"]
[Round "6"]
[White "Langenfeld, Stefan"]
[Black "Conrad, Egon"]
[Result "1-0"]
[WhiteElo "1917"]
[BlackElo "1664"]
[PlyCount "77"]
[EventDate "2000.05.27"]
[EventType "swiss"]
[EventRounds "9"]
[EventCountry "GER"]
[SourceTitle "EXT 2006"]
[Source "ChessBase"]
[SourceDate "2005.11.24"]
[SourceVersion "1"]
[SourceVersionDate "2005.11.24"]
[SourceQuality "1"]

1. e4 d5 2. exd5 Qxd5 3. Nc3 Qa5 4. d4 c6 5. Nf3 Nf6 6. Bc4 Bf5 7. Bd2 Qc7 8. a4 e6 9. 0-0 Bd6 10. h3 h6 11. Re1 0-0 12. Qc1 Nbd7 13. Bb3 Rad8 14. Re2 Rfe8 15. Qe1 Bf4 16. Rd1 Bxd2 17. Rdxd2 Nd5 18. Nxd5 cxd5 19. Re3 Nf6 20. Ne5 Kf8 21. Rde2 Qb6 22. Qd1 Nd7 23. Nxd7+ Rxd7 24. c3 Rc8 25. Bc2 Bxc2 26. Qxc2 Kg8 27. f4 g6 28. g4 Qd6 29. Re5 Rcc7 30. Qd2 Kg7 31. Qe3 Qa6 32. h4 Qxa4 33. f5 exf5 34. gxf5 f6 35. Re6 Qd1+ 36. Kh2 g5 37. hxg5 hxg5 38. Qh3 Rc6 39. Re8 1-0